Books - Fill in the Title #1 - Statistics

General Stats
  • This quiz has been taken 41 times
  • The average score is 23 of 31
Answer Stats
Title % Correct
Of {Mice} and Men
98%
The {Hunchback} of Notre Dame
98%
The Da Vinci {Code}
95%
Wuthering {Heights}
95%
{Animal} Farm
93%
Lord of the {Rings}
93%
Catcher in the {Rye}
90%
The Adventures of {Huckleberry} Finn
90%
The {Cat} in the Hat
90%
The Great {Gatsby}
90%
Lord of the {Flies}
88%
The {Count} of Monte Cristo
85%
A Tale of Two {Cities}
83%
The Old Man and the {Sea}
83%
{Anna} Karenina
80%
Don {Quixote}
80%
{Brave} New World
78%
Great {Expectations}
75%
The Hunt for {Red} October
75%
Uncle Tom's {Cabin}
75%
The Three {Musketeers}
68%
The {Time} Machine
68%
{Black} Beauty
60%
Fahrenheit {451}
60%
Slaughterhouse {Five}
58%
Watership {Down}
55%
Tuesdays with {Morrie}
45%
A Connecticut {Yankee} in King Arthur's Court
40%
{Project} Hail Mary
33%
The Voyage of the Dawn {Treader}
33%
Ethan {Frome}
30%
No matching quizzes found
Score Distribution
Percent of People with Each Score
Percentile by Number Answered
Your Score History
You have not taken this quiz